000 00666nam a2200169Ia 4500
008 090711s9999 xx 000 0 und d
082 _b282
100 _aकवडीकर श्रीराम
245 _aपूर्वेकडून पूर्वेकडे एक प्रयास
260 _c1997
300 _a278
600 _aकवडीकर श्रीराम
630 _aपूर्वेकडून पूर्वेकडे एक प्रयास
700 _aकवडीकर श्रीराम
730 _aपूर्वेकडून पूर्वेकडे एक प्रयास
942 _cBOOK
999 _c323780
_d323780